[Event "Druga liga Srbije grupa Vojvodina 2015"]
[Site "Novi Sad"]
[Date "2015.11.14"]
[Round "5"]
[Board "2"]
[White "Stamenkovic, Aleksandar"]
[Black "Varga, Zoltan"]
[Result "0-1"]
[WhiteElo "2258"]
[BlackElo "2447"]
[PlyCount "68"]
[EventDate "2015.11.10"]
[EventType "team"]
[EventRounds "9"]
[EventCountry "SRB"]
[WhiteTeam "Stara Pazova"]
[BlackTeam "Backa Pacir"]

1. d4 d5 2. Nf3 c6 3. c4 dxc4 4. e3 Be6 5. Nc3 b5 6. Ng5 Bd7 7. e4 h6 8. Nxf7
Kxf7 9. Qf3+ Nf6 10. e5 Bg4 11. Qg3 Qd7 12. exf6 exf6 13. Bf4 Bb4 14. Be2 Bxe2
15. Kxe2 Re8+ 16. Be3 Na6 17. a3 Bxc3 18. bxc3 Nc7 19. Rhc1 Nd5 20. Kf1 Qf5 21.
Kg1 Qd3 22. Re1 Qxc3 23. Qd6 Nxe3 24. fxe3 Rxe3 25. Rec1 Qa5 26. Qxc6 Rae8 27.
Qd5+ Kg6 28. Rf1 Qd8 29. Qf5+ Kf7 30. Rad1 a6 31. a4 Qb6 32. a5 Qd6 33. d5 R8e5
34. Qc8 Rd3 0-1

[Event "Druga liga Srbije grupa Vojvodina 2015"]
[Site "Novi Sad"]
[Date "2015.11.14"]
[Round "5"]
[Board "3"]
[White "Jesenski, Tibor"]
[Black "Stanojevic, Branko"]
[Result "1-0"]
[WhiteElo "2341"]
[BlackElo "2229"]
[PlyCount "39"]
[EventDate "2015.11.10"]
[EventType "team"]
[EventRounds "9"]
[EventCountry "SRB"]
[WhiteTeam "Backa Pacir"]
[BlackTeam "Stara Pazova"]

1. d4 Nf6 2. Nf3 e6 3. c4 Bb4+ 4. Bd2 Qe7 5. Nc3 O-O 6. g3 d6 7. Bg2 Bxc3 8.
Bxc3 Ne4 9. Rc1 Nd7 10. O-O Nxc3 11. Rxc3 e5 12. dxe5 dxe5 13. Re3 Re8 14. Qd2
f6 15. Rd1 Nf8 16. Nd4 c6 17. Nxc6 bxc6 18. Bxc6 Bh3 19. Bxa8 Rxa8 20. Qd5+ 1-0

[Event "Druga liga Srbije grupa Vojvodina 2015"]
[Site "Novi Sad"]
[Date "2015.11.14"]
[Round "5"]
[Board "4"]
[White "Kovacevic, Dragan"]
[Black "Farkas, Tibor"]
[Result "0-1"]
[WhiteElo "2265"]
[BlackElo "2254"]
[PlyCount "69"]
[EventDate "2015.11.10"]
[EventType "team"]
[EventRounds "9"]
[EventCountry "SRB"]
[WhiteTeam "Stara Pazova"]
[BlackTeam "Backa Pacir"]

1. e4 c5 2. Nf3 d6 3. Bb5+ Nc6 4. O-O Bd7 5. Re1 Nf6 6. c3 a6 7. Bf1 Bg4 8. d3
e6 9. Nbd2 Be7 10. Qc2 Rc8 11. g3 O-O 12. Bg2 d5 13. a3 b5 14. b3 Qb6 15. Qb1
Rfd8 16. a4 d4 17. c4 e5 18. axb5 axb5 19. cxb5 Qxb5 20. Nc4 Nd7 21. h3 Be6 22.
Nfd2 Ra8 23. Rxa8 Rxa8 24. f4 f6 25. Bf3 exf4 26. e5 Ndxe5 27. Nxe5 fxe5 28.
Nc4 Rf8 29. gxf4 Bxh3 30. Bd5+ Kh8 31. Nxe5 Nxe5 32. Rxe5 Bd6 33. Rh5 Bf5 34.
Bc4 Qe8 35. Rg5 0-1

[Event "Druga liga Srbije grupa Vojvodina 2015"]
[Site "Novi Sad"]
[Date "2015.11.14"]
[Round "5"]
[Board "5"]
[White "Arbutina, Sinisa"]
[Black "Kovacevic, Djordje"]
[Result "1-0"]
[WhiteElo "2304"]
[BlackElo "2089"]
[PlyCount "57"]
[EventDate "2015.11.10"]
[EventType "team"]
[EventRounds "9"]
[EventCountry "SRB"]
[WhiteTeam "Backa Pacir"]
[BlackTeam "Stara Pazova"]

1. d4 d5 2. c4 c6 3. cxd5 cxd5 4. Nc3 Nf6 5. Bf4 a6 6. e3 Nc6 7. Nf3 Bg4 8. Rc1
e6 9. Qb3 Bb4 10. Ne5 Bxc3+ 11. Rxc3 Nxe5 12. Bxe5 O-O 13. f3 Bf5 14. Qxb7 Qa5
15. Be2 Qxa2 16. Kf2 Qa4 17. Rhc1 h5 18. Ra3 Qd7 19. Bxa6 Ra7 20. Qb6 Kh7 21.
Bc7 Rxa6 22. Qxa6 Ne8 23. Bg3 g5 24. h3 g4 25. hxg4 hxg4 26. Qc6 Qd8 27. Ra8
Qe7 28. Qc5 Qb7 29. Rb8 1-0

[Event "Druga liga Srbije grupa Vojvodina 2015"]
[Site "Novi Sad"]
[Date "2015.11.14"]
[Round "5"]
[Board "6"]
[White "Skoko, Milan"]
[Black "Vidic, Stevan"]
[Result "1/2-1/2"]
[WhiteElo "2169"]
[BlackElo "2287"]
[PlyCount "90"]
[EventDate "2015.11.10"]
[EventType "team"]
[EventRounds "9"]
[EventCountry "SRB"]
[WhiteTeam "Stara Pazova"]
[BlackTeam "Backa Pacir"]

1. e4 c5 2. c3 d6 3. d4 Nf6 4. f3 Qc7 5. Be3 e6 6. Bd3 Be7 7. Ne2 O-O 8. O-O
Nc6 9. Nd2 a6 10. a4 Rb8 11. h3 cxd4 12. cxd4 Nb4 13. Rc1 Qd8 14. Bb1 b6 15.
Nc3 a5 16. Na2 Ba6 17. Nxb4 axb4 18. Re1 Nd7 19. Qb3 b5 20. axb5 Bxb5 21. Bd3
Bxd3 22. Qxd3 Nf6 23. Nf1 Qd7 24. Nd2 Rfc8 25. g4 Qb7 26. Nb3 Bd8 27. Kg2 Nd7
28. Nd2 d5 29. e5 Be7 30. f4 g6 31. Kg3 Rxc1 32. Rxc1 Rc8 33. Rxc8+ Qxc8 34. f5
Qc6 35. f6 Bf8 36. Kf2 Qa4 37. b3 Qc6 38. Ke2 Nb8 39. Kd1 Na6 40. Nb1 Nc7 41.
Qc2 Qb7 42. Qa2 Qb5 43. Qe2 Qc6 44. Qc2 Qb7 45. Qa2 Qb5 1/2-1/2

[Event "Druga liga Srbije grupa Vojvodina 2015"]
[Site "Novi Sad"]
[Date "2015.11.14"]
[Round "6"]
[Board "1"]
[White "Kazakov, Mikhail"]
[Black "Indjic, Dusan"]
[Result "1-0"]
[WhiteElo "2488"]
[BlackElo "2281"]
[PlyCount "117"]
[EventDate "2015.11.10"]
[EventType "team"]
[EventRounds "9"]
[EventCountry "SRB"]
[WhiteTeam "Naftagas Elemir"]
[BlackTeam "Stara Pazova"]

1. d4 Nf6 2. c4 c5 3. d5 g6 4. Nc3 Bg7 5. e4 O-O 6. Nf3 d6 7. Be2 e6 8. O-O Re8
9. Nd2 Na6 10. Re1 Nc7 11. Bf1 b6 12. h3 a6 13. a4 Rb8 14. Nf3 exd5 15. cxd5 b5
16. e5 dxe5 17. d6 Ne6 18. axb5 Nd4 19. bxa6 Qxd6 20. a7 Ra8 21. Nxd4 cxd4 22.
Qf3 Bd7 23. Nb5 Qb6 24. Rxe5 Rec8 25. Bd2 Bc6 26. Qa3 Bf8 27. Qa5 Qxa5 28. Rxa5
Nd7 29. Re1 d3 30. Nd4 Bb7 31. Bxd3 Nc5 32. Bc2 Bg7 33. Be3 Nd7 34. Bb1 Ne5 35.
b3 Rd8 36. Nb5 Rd7 37. Bb6 Nc6 38. Ra4 Rc8 39. Nc7 Bd4 40. a8=Q Bxa8 41. Nxa8
Bc3 42. Rf1 Rb7 43. Be4 Rbb8 44. Rc1 Nb4 45. Be3 f5 46. Bf3 Nd3 47. Rb1 Kh8 48.
Nb6 Rd8 49. Nd5 Bg7 50. Nf4 Ne5 51. Ne6 Nxf3+ 52. gxf3 Rd3 53. Nxg7 Kxg7 54.
Ra7+ Kf6 55. b4 g5 56. Kg2 f4 57. Bc5 Rd5 58. Re1 h5 59. Ra6+ 1-0

[Event "Druga liga Srbije grupa Vojvodina 2015"]
[Site "Novi Sad"]
[Date "2015.11.14"]
[Round "6"]
[Board "2"]
[White "Stamenkovic, Aleksandar"]
[Black "Ratkovic, Miloje"]
[Result "0-1"]
[WhiteElo "2258"]
[BlackElo "2388"]
[PlyCount "96"]
[EventDate "2015.11.10"]
[EventType "team"]
[EventRounds "9"]
[EventCountry "SRB"]
[WhiteTeam "Stara Pazova"]
[BlackTeam "Naftagas Elemir"]

1. d4 d5 2. Nf3 Nf6 3. e3 Bf5 4. Bd3 Bxd3 5. Qxd3 Nbd7 6. O-O e6 7. Nbd2 c6 8.
b3 Be7 9. Bb2 O-O 10. c4 Re8 11. Rfd1 a5 12. a3 Qb6 13. c5 Qc7 14. b4 b5 15.
Bc3 axb4 16. axb4 Qb7 17. h3 Reb8 18. Qc2 Bd8 19. Qb2 Bc7 20. Ne5 Nf8 21. f4
Ng6 22. Rxa8 Rxa8 23. Ra1 Bxe5 24. dxe5 Ne4 25. Nb3 Ne7 26. Rxa8+ Qxa8 27. Qa1
Qa4 28. Nd4 Kf8 29. g4 Ke8 30. f5 Kd7 31. Kg2 g5 32. Kf3 h5 33. Kg2 Nxc3 34.
Qxc3 Qa2+ 35. Kf3 h4 36. Qd3 Qa1 37. Nxb5 Qa6 38. f6 Ng6 39. Qa3 Qxb5 40. Qa7+
Kc8 41. Qa8+ Kc7 42. Qa7+ Qb7 43. Qa5+ Kd7 44. Qa1 Qb8 45. b5 Nxe5+ 46. Kf2
cxb5 47. Qa3 Nc6 48. e4 Qg3+ 0-1

[Event "Druga liga Srbije grupa Vojvodina 2015"]
[Site "Novi Sad"]
[Date "2015.11.14"]
[Round "6"]
[Board "3"]
[White "Leskur, Dejan"]
[Black "Stanojevic, Branko"]
[Result "1-0"]
[WhiteElo "2376"]
[BlackElo "2229"]
[PlyCount "61"]
[EventDate "2015.11.10"]
[EventType "team"]
[EventRounds "9"]
[EventCountry "SRB"]
[WhiteTeam "Naftagas Elemir"]
[BlackTeam "Stara Pazova"]

1. Nf3 Nf6 2. b3 c5 3. Bb2 e6 4. e3 b6 5. d4 Bb7 6. Bd3 Be7 7. O-O O-O 8. c4
cxd4 9. exd4 d5 10. Nbd2 Nbd7 11. Qe2 a5 12. a3 a4 13. b4 dxc4 14. Nxc4 Nd5 15.
g3 Ba6 16. Rac1 Bf6 17. Nfe5 Nxe5 18. dxe5 Be7 19. Qe4 g6 20. h4 Qd7 21. Rfd1
Rfd8 22. h5 Bb7 23. hxg6 hxg6 24. Qg4 Bf8 25. Be4 Bh6 26. Nxb6 Qe7 27. Nxa8
Bxc1 28. Bxc1 Rxa8 29. Bg5 Qc7 30. Bf6 Qc4 31. Rxd5 1-0

[Event "Druga liga Srbije grupa Vojvodina 2015"]
[Site "Novi Sad"]
[Date "2015.11.14"]
[Round "6"]
[Board "4"]
[White "Kovacevic, Dragan"]
[Black "Popov, Sinisa S"]
[Result "0-1"]
[WhiteElo "2265"]
[BlackElo "2443"]
[PlyCount "72"]
[EventDate "2015.11.10"]
[EventType "team"]
[EventRounds "9"]
[EventCountry "SRB"]
[WhiteTeam "Stara Pazova"]
[BlackTeam "Naftagas Elemir"]

1. e4 e5 2. Nf3 Nc6 3. Bc4 Nf6 4. d3 Be7 5. Nbd2 d6 6. c3 O-O 7. O-O Na5 8. Bb5
a6 9. Ba4 b5 10. Bc2 c5 11. d4 cxd4 12. cxd4 Qc7 13. h3 Bd7 14. a3 Rac8 15. Bb1
exd4 16. Nxd4 d5 17. exd5 Nxd5 18. Ne4 Nf4 19. Qf3 Ng6 20. Bg5 Rfe8 21. Bxe7
Rxe7 22. Nc3 Qe5 23. Rd1 Nc6 24. Nf5 Bxf5 25. Qxf5 Ree8 26. Qg4 Rcd8 27. Ba2
Qf6 28. Bd5 Nce5 29. Qg3 Nf4 30. Be4 Nc4 31. Rxd8 Rxd8 32. Bf3 Nxb2 33. Ne4 Qe5
34. Qh4 Rd4 35. Re1 f5 36. g3 Ng6 0-1

[Event "Druga liga Srbije grupa Vojvodina 2015"]
[Site "Novi Sad"]
[Date "2015.11.14"]
[Round "6"]
[Board "5"]
[White "Bodiroga, Predrag"]
[Black "Kovacevic, Djordje"]
[Result "1-0"]
[WhiteElo "2350"]
[BlackElo "2089"]
[PlyCount "117"]
[EventDate "2015.11.10"]
[EventType "team"]
[EventRounds "9"]
[EventCountry "SRB"]
[WhiteTeam "Naftagas Elemir"]
[BlackTeam "Stara Pazova"]

1. d4 Nf6 2. c4 d5 3. cxd5 Qxd5 4. Nc3 Qa5 5. Bd2 c6 6. e4 Qd8 7. Be3 g6 8. Bc4
b5 9. Bd3 Ng4 10. Nf3 Nxe3 11. fxe3 Bh6 12. Qe2 Nd7 13. O-O O-O 14. Rad1 a6 15.
a4 Qb6 16. e5 f5 17. Kh1 e6 18. b4 a5 19. Rb1 axb4 20. Rxb4 Qa5 21. Qb2 bxa4
22. Rxa4 Qb6 23. Qa2 Rxa4 24. Nxa4 Qc7 25. Qxe6+ Kh8 26. Qe7 Qd8 27. Qxd8 Rxd8
28. Rc1 Bb7 29. Rb1 Ba8 30. e6 Nf6 31. Ne5 Kg7 32. Nf7 Re8 33. Nxh6 Kxh6 34.
Nc5 Ng4 35. Kg1 Nxe3 36. Ra1 Nd5 37. Ra7 Nb4 38. Bc4 Nc2 39. Nd7 Kg5 40. Nb6
Nxd4 41. Nxa8 Nxe6 42. Bxe6 Rxe6 43. Rxh7 Kf4 44. Kf2 c5 45. Nc7 Rc6 46. Re7
Kg5 47. Nd5 Rd6 48. Re5 Ra6 49. g3 Kg4 50. Ne3+ Kh3 51. Rxc5 Ra2+ 52. Kf3 Kxh2
53. Rc2+ Rxc2 54. Nxc2 Kh3 55. Ne3 Kh2 56. Nd5 g5 57. Ne7 f4 58. g4 Kh3 59. Ng6
 1-0

[Event "Druga liga Srbije grupa Vojvodina 2015"]
[Site "Novi Sad"]
[Date "2015.11.14"]
[Round "6"]
[Board "2"]
[White "Varga, Zoltan"]
[Black "Tancik, Kristijan"]
[Result "1/2-1/2"]
[WhiteElo "2447"]
[BlackElo "2272"]
[PlyCount "39"]
[EventDate "2015.11.10"]
[EventType "team"]
[EventRounds "9"]
[EventCountry "SRB"]
[WhiteTeam "Backa Pacir"]
[BlackTeam "Somborski sahovski klub"]

1. e4 c5 2. Nf3 d6 3. d4 cxd4 4. Qxd4 Bd7 5. h3 Nc6 6. Qe3 g6 7. Be2 Bg7 8. c4
Nf6 9. O-O O-O 10. Nc3 Rc8 11. Bd2 Qb6 12. Qxb6 axb6 13. Rac1 Be6 14. b3 Nd7
15. Nd5 Ra8 16. Rc2 Ra3 17. Bc1 Raa8 18. a3 Nc5 19. b4 Nb3 20. Nxb6 1/2-1/2

[Event "Druga liga Srbije grupa Vojvodina 2015"]
[Site "Novi Sad"]
[Date "2015.11.14"]
[Round "6"]
[Board "3"]
[White "Bulajic, Ratko"]
[Black "Jesenski, Tibor"]
[Result "1/2-1/2"]
[WhiteElo "2325"]
[BlackElo "2341"]
[PlyCount "22"]
[EventDate "2015.11.10"]
[EventType "team"]
[EventRounds "9"]
[EventCountry "SRB"]
[WhiteTeam "Somborski sahovski klub"]
[BlackTeam "Backa Pacir"]

1. d4 d5 2. c4 e6 3. Nc3 Nf6 4. Bg5 Be7 5. e3 h6 6. Bh4 O-O 7. Nf3 Ne4 8. Bxe7
Qxe7 9. Qc2 Nxc3 10. Qxc3 c6 11. Rc1 b6 1/2-1/2

[Event "Druga liga Srbije grupa Vojvodina 2015"]
[Site "Novi Sad"]
[Date "2015.11.14"]
[Round "6"]
[Board "4"]
[White "Farkas, Tibor"]
[Black "Dekic, Josip"]
[Result "1/2-1/2"]
[WhiteElo "2254"]
[BlackElo "2270"]
[PlyCount "26"]
[EventDate "2015.11.10"]
[EventType "team"]
[EventRounds "9"]
[EventCountry "SRB"]
[WhiteTeam "Backa Pacir"]
[BlackTeam "Somborski sahovski klub"]

1. e4 c5 2. Nf3 Nc6 3. d4 cxd4 4. Nxd4 g6 5. c4 d6 6. Nc3 Bg7 7. Be3 Qb6 8. Nb3
Bxc3+ 9. bxc3 Qc7 10. c5 dxc5 11. Bxc5 Nf6 12. f3 O-O 13. Be3 Rd8 1/2-1/2

[Event "Druga liga Srbije grupa Vojvodina 2015"]
[Site "Novi Sad"]
[Date "2015.11.14"]
[Round "6"]
[Board "1"]
[White "Jacimovic, Dragoljub"]
[Black "Milanovic, Stanko"]
[Result "1-0"]
[WhiteElo "2409"]
[BlackElo "2178"]
[PlyCount "57"]
[EventDate "2015.11.10"]
[EventType "team"]
[EventRounds "9"]
[EventCountry "SRB"]
[WhiteTeam "Omladinac Novi Banovci"]
[BlackTeam "Bora Ivkov B.N. Selo"]

1. d4 Nf6 2. c4 c5 3. d5 b5 4. Nf3 e6 5. dxe6 fxe6 6. cxb5 a6 7. bxa6 Bxa6 8.
g3 Be7 9. Bg2 Nc6 10. O-O O-O 11. Re1 d5 12. Nbd2 h6 13. Nh4 Ne5 14. Ndf3 Nfg4
15. Nxe5 Nxe5 16. Nf3 Nd7 17. Bh3 Qb6 18. Qb3 Qc6 19. Qc2 Rf6 20. b4 Rc8 21.
Bb2 cxb4 22. Qxc6 Rxc6 23. Bxf6 Bxf6 24. Rac1 Bc4 25. e4 Bc3 26. exd5 Bxd5 27.
Nd4 Bxe1 28. Nxc6 Bc3 29. Ne7+ 1-0

[Event "Druga liga Srbije grupa Vojvodina 2015"]
[Site "Novi Sad"]
[Date "2015.11.14"]
[Round "6"]
[Board "2"]
[White "Vasic, Lazar"]
[Black "Vlahovic, Bogdan"]
[Result "0-1"]
[WhiteElo "2059"]
[BlackElo "2321"]
[PlyCount "84"]
[EventDate "2015.11.10"]
[EventType "team"]
[EventRounds "9"]
[EventCountry "SRB"]
[WhiteTeam "Bora Ivkov B.N. Selo"]
[BlackTeam "Omladinac Novi Banovci"]

1. e4 e6 2. d4 d5 3. e5 c5 4. c3 Nc6 5. Nf3 Bd7 6. Be2 Rc8 7. O-O Nge7 8. dxc5
Ng6 9. b4 Ncxe5 10. Nxe5 Nxe5 11. Bf4 Ng6 12. Be3 Be7 13. Nd2 O-O 14. Qb3 a5
15. a3 Qe8 16. f4 Nh4 17. Nf3 Nxf3+ 18. Rxf3 Bb5 19. Bxb5 Qxb5 20. Bd4 Bxc5 21.
Bxc5 Rxc5 22. f5 Rc4 23. f6 Rg4 24. Raf1 Rg6 25. Qc2 Qb6+ 26. Kh1 gxf6 27. Rxf6
Kg7 28. R6f3 f6 29. c4 d4 30. c5 Qc7 31. Qe4 e5 32. bxa5 Qc6 33. Qb1 d3 34. Qb2
e4 35. Re3 Qd5 36. Qc3 Rc8 37. Rg3 Rc6 38. Rb1 Rxg3 39. Rxb7+ Kg6 40. hxg3 Qh5+
41. Kg1 Qxc5+ 42. Qxc5 Rxc5 0-1

[Event "Druga liga Srbije grupa Vojvodina 2015"]
[Site "Novi Sad"]
[Date "2015.11.14"]
[Round "6"]
[Board "3"]
[White "Radlovacki, Jovan"]
[Black "Mik, Aurel"]
[Result "1-0"]
[WhiteElo "2381"]
[BlackElo "2062"]
[PlyCount "29"]
[EventDate "2015.11.10"]
[EventType "team"]
[EventRounds "9"]
[EventCountry "SRB"]
[WhiteTeam "Omladinac Novi Banovci"]
[BlackTeam "Bora Ivkov B.N. Selo"]

1. e4 e5 2. Nf3 Nf6 3. Nxe5 d6 4. Nf3 Nxe4 5. Nc3 Nxc3 6. dxc3 Bg4 7. Qe2+ Qe7
8. Be3 Nc6 9. h3 Bxf3 10. Qxf3 O-O-O 11. O-O-O Kb8 12. Qg4 Qe5 13. Qa4 Qa5 14.
Qb3 f6 15. Rd5 1-0

[Event "Druga liga Srbije grupa Vojvodina 2015"]
[Site "Novi Sad"]
[Date "2015.11.14"]
[Round "6"]
[Board "4"]
[White "Zegarac, Vuk"]
[Black "Marinovic, Bozidar"]
[Result "1/2-1/2"]
[WhiteElo "2143"]
[BlackElo "2391"]
[PlyCount "40"]
[EventDate "2015.11.10"]
[EventType "team"]
[EventRounds "9"]
[EventCountry "SRB"]
[WhiteTeam "Bora Ivkov B.N. Selo"]
[BlackTeam "Omladinac Novi Banovci"]

1. d4 d5 2. Nc3 c6 3. Nf3 Bf5 4. Bf4 Nf6 5. e3 e6 6. Bd3 Bg6 7. O-O Nbd7 8. Ne5
Be7 9. Ne2 Nxe5 10. Bxe5 O-O 11. Nf4 Bd6 12. Bxd6 Qxd6 13. Bxg6 fxg6 14. Nd3
Nd7 15. f4 c5 16. c3 c4 17. Ne5 Nxe5 18. fxe5 Rxf1+ 19. Qxf1 Qc6 20. Qe2 b5
 1/2-1/2

[Event "Druga liga Srbije grupa Vojvodina 2015"]
[Site "Novi Sad"]
[Date "2015.11.14"]
[Round "6"]
[Board "1"]
[White "Rogac, Srdjan"]
[Black "Popovic, Milan S"]
[Result "1-0"]
[WhiteElo "2362"]
[BlackElo "2221"]
[PlyCount "77"]
[EventDate "2015.11.10"]
[EventType "team"]
[EventRounds "9"]
[EventCountry "SRB"]
[WhiteTeam "Vojvodina Novi Sad"]
[BlackTeam "Kraljica Petrovaradin"]

1. Nf3 Nf6 2. g3 d5 3. Bg2 c6 4. O-O Bg4 5. h3 Bh5 6. d3 Nbd7 7. c4 e6 8. Nc3
Bxf3 9. exf3 Be7 10. f4 dxc4 11. dxc4 O-O 12. Qc2 Qc7 13. b3 Rfd8 14. Bb2 a5
15. Na4 b6 16. Rfd1 Nc5 17. Be5 Qb7 18. Nxc5 Bxc5 19. Qc3 Be7 20. Qf3 Rxd1+ 21.
Rxd1 Rc8 22. f5 Nd7 23. Bc3 e5 24. Qd3 Rc7 25. Qe2 Rc8 26. Kh2 Qc7 27. Qe4 Bc5
28. Qxc6 Qxc6 29. Bxc6 Nf6 30. Bb7 Rb8 31. Bg2 Re8 32. Rd2 h5 33. Re2 Bd4 34.
Bxd4 exd4 35. Rd2 Re5 36. Rxd4 Rxf5 37. f4 b5 38. Bf1 b4 39. Rd8+ 1-0

[Event "Druga liga Srbije grupa Vojvodina 2015"]
[Site "Novi Sad"]
[Date "2015.11.14"]
[Round "6"]
[Board "4"]
[White "Banovic, Ivan"]
[Black "Cabarkapa, Velibor"]
[Result "1/2-1/2"]
[WhiteElo "2185"]
[BlackElo "2316"]
[PlyCount "182"]
[EventDate "2015.11.10"]
[EventType "team"]
[EventRounds "9"]
[EventCountry "SRB"]
[WhiteTeam "Kraljica Petrovaradin"]
[BlackTeam "Vojvodina Novi Sad"]

1. d4 Nf6 2. Nf3 d5 3. c4 e6 4. Nc3 c6 5. cxd5 exd5 6. Bg5 h6 7. Bh4 Bf5 8. Qb3
g5 9. Bg3 Qb6 10. Qxb6 axb6 11. e3 b5 12. Bxb5 cxb5 13. Nxb5 Bb4+ 14. Ke2 O-O
15. Bd6 Bxd6 16. Nxd6 Bc8 17. Rhc1 Nc6 18. Ne5 Ra6 19. Ke1 Ne4 20. Nb5 Rd8 21.
f3 Nf6 22. Nc7 Rb6 23. b3 Ne8 24. Nxe8 Rxe8 25. Nxc6 bxc6 26. Kd2 Bd7 27. g4
Ra8 28. Kc3 Ra3 29. Kb2 Rba6 30. h4 Kg7 31. hxg5 hxg5 32. Rh1 f6 33. Rh2 Ra8
34. Kc3 Re8 35. Re1 Be6 36. Kb4 Rea8 37. Ree2 R3a7 38. Rc2 Bd7 39. Kc3 Kf7 40.
a4 Ke7 41. Rh7+ Kd6 42. Rh6 Rf8 43. Kb4 Raa8 44. Kc3 c5 45. dxc5+ Kxc5 46. Rh7
Kd6 47. Kb2 Be6 48. Ka3 Rfb8 49. Rc3 Ke5 50. Re7 Re8 51. Rb7 Rac8 52. Kb2 f5
53. gxf5 Bxf5 54. a5 Rxc3 55. Kxc3 d4+ 56. exd4+ Kf4 57. a6 Kxf3 58. a7 Ra8 59.
Rf7 Kf4 60. b4 g4 61. b5 g3 62. b6 g2 63. b7 g1=Q 64. b8=Q+ Kg5 65. Qxa8 Qc1+
66. Kb4 Qb2+ 67. Kc5 Qc3+ 68. Kd6 Qxd4+ 69. Qd5 Qb6+ 70. Qc6 Qd4+ 71. Qd5 Qb6+
72. Ke7 Qxa7+ 73. Kf8 Qb8+ 74. Kg7 Qb2+ 75. Kg8 Qb8+ 76. Rf8 Qf4 77. Qd8+ Kg4
78. Rf6 Qe3 79. Qd6 Qe8+ 80. Kg7 Qe4 81. Kf8 Qa8+ 82. Kg7 Qe4 83. Rf7 Qf3 84.
Qd4+ Kg5 85. Qf6+ Kg4 86. Qd4+ Kg5 87. Qf6+ Kg4 88. Re7 Qf4 89. Qf7 Qg5+ 90.
Kf8 Qf4 91. Kg7 Qg5+ 1/2-1/2

[Event "Druga liga Srbije grupa Vojvodina 2015"]
[Site "Novi Sad"]
[Date "2015.11.14"]
[Round "6"]
[Board "5"]
[White "Pavlik, Goran"]
[Black "Remecki, Sinisa"]
[Result "1/2-1/2"]
[WhiteElo "2223"]
[BlackElo "2206"]
[PlyCount "87"]
[EventDate "2015.11.10"]
[EventType "team"]
[EventRounds "9"]
[EventCountry "SRB"]
[WhiteTeam "Vojvodina Novi Sad"]
[BlackTeam "Kraljica Petrovaradin"]

1. e4 c5 2. Nf3 e6 3. d4 cxd4 4. Nxd4 Nc6 5. Nb5 d6 6. c4 a6 7. N5c3 Nf6 8. Be3
Be7 9. Be2 O-O 10. O-O b6 11. f3 Qc7 12. Qd2 Rd8 13. Na3 d5 14. cxd5 exd5 15.
Nxd5 Nxd5 16. exd5 Be6 17. Bf4 Bd6 18. Bxd6 Qxd6 19. Qe3 Bxd5 20. Rfd1 b5 21.
Rac1 Qf6 22. Qc5 Ne7 23. b3 Be6 24. Qb6 Nd5 25. Qd4 Qg5 26. Rc5 Qe7 27. Nb1 Nf6
28. Qf2 Rxd1+ 29. Bxd1 Qd6 30. Be2 Rd8 31. Rc1 Qf4 32. Rd1 Rc8 33. Qd4 Qxd4+
34. Rxd4 Kf8 35. Kf2 Ke7 36. Rd2 Nd5 37. a4 Rc1 38. Rb2 Bd7 39. axb5 axb5 40.
b4 Nb6 41. Na3 Na4 42. Rd2 Nc3 43. Rc2 Rxc2 44. Nxc2 1/2-1/2

[Event "Druga liga Srbije grupa Vojvodina 2015"]
[Site "Novi Sad"]
[Date "2015.11.14"]
[Round "6"]
[Board "6"]
[White "Torbica, Milos"]
[Black "Veljkovic, Vojislav"]
[Result "1-0"]
[WhiteElo "2262"]
[BlackElo "2193"]
[PlyCount "103"]
[EventDate "2015.11.10"]
[EventType "team"]
[EventRounds "9"]
[EventCountry "SRB"]
[WhiteTeam "Kraljica Petrovaradin"]
[BlackTeam "Vojvodina Novi Sad"]

1. d4 e6 2. Nf3 Nf6 3. Bg5 Be7 4. e3 h6 5. Bh4 d6 6. Be2 Nbd7 7. h3 Ne4 8. Bxe7
Qxe7 9. O-O e5 10. c4 f5 11. Nfd2 Ndf6 12. Nc3 O-O 13. Qc2 c5 14. dxc5 Nxc5 15.
b4 Ne6 16. Rad1 Nc7 17. Nf3 Nh7 18. a4 Be6 19. e4 Rf6 20. Qd2 Rd8 21. Nxe5 Bc8
22. Nd5 Nxd5 23. Qxd5+ Be6 24. Qd4 fxe4 25. Ng4 Bxg4 26. Bxg4 Qe8 27. Rde1 h5
28. Qd5+ Kh8 29. Bxh5 Qf8 30. Qxe4 d5 31. cxd5 Rf4 32. Qe7 Rxd5 33. Qxf8+ Nxf8
34. Bf3 Rg5 35. Bxb7 Rxb4 36. Bc6 a6 37. Re8 Rf4 38. Ra8 Ra5 39. Bb5 Kh7 40. g3
Rd4 41. Re1 Ng6 42. Re6 Nf8 43. Rexa6 Rxa6 44. Rxa6 Ng6 45. a5 Ne5 46. Be2 Ra4
47. f4 Nd7 48. Bd3+ Kg8 49. Bg6 Kf8 50. Ra7 Nc5 51. Rf7+ Kg8 52. Re7 1-0

[Event "Druga liga Srbije grupa Vojvodina 2015"]
[Site "Novi Sad"]
[Date "2015.11.14"]
[Round "6"]
[Board "1"]
[White "Petakov, Uros"]
[Black "Ivic, Velimir"]
[Result "0-1"]
[WhiteElo "2335"]
[BlackElo "2268"]
[PlyCount "106"]
[EventDate "2015.11.10"]
[EventType "team"]
[EventRounds "9"]
[EventCountry "SRB"]
[WhiteTeam "Hajduk 1973 Beska"]
[BlackTeam "Banovci Dunav"]

1. Nf3 Nf6 2. d4 g6 3. g3 Bg7 4. Bg2 O-O 5. O-O d6 6. Re1 Nbd7 7. e4 e5 8. dxe5
dxe5 9. Nbd2 b6 10. b3 Bb7 11. a4 Qe7 12. Ba3 Nc5 13. a5 a6 14. axb6 cxb6 15.
Nc4 Rad8 16. Qe2 Qc7 17. Nfd2 Rfe8 18. Bb2 b5 19. Na5 Ba8 20. f3 Ne6 21. Nf1
Bf8 22. c3 Nc5 23. b4 Nd3 24. Reb1 Bh6 25. h3 Rd6 26. Kh2 Red8 27. Rd1 R8d7 28.
Rab1 Qd8 29. Ne3 Nh5 30. Ng4 Bf4 31. gxf4 Ndxf4 32. Qc2 Rxd1 33. Rxd1 Rxd1 34.
Bc1 Qd3 35. Qxd3 Rxd3 36. Nxe5 Rxc3 37. Bxf4 Nxf4 38. Kg3 Ne2+ 39. Kf2 Nd4 40.
Nd7 Nb3 41. Nb6 Nxa5 42. bxa5 Rc2+ 43. Kg3 Bc6 44. Bf1 Ra2 45. Kf4 Rxa5 46. Ke5
Ra1 47. Bd3 Ra3 48. Be2 Re3 49. Bd1 Rd3 50. Bc2 Rxf3 51. Kd6 Rf6+ 52. Kc5 Be8
53. Nd5 Rc6+ 0-1

[Event "Druga liga Srbije grupa Vojvodina 2015"]
[Site "Novi Sad"]
[Date "2015.11.14"]
[Round "6"]
[Board "2"]
[White "Azaric, Slavko"]
[Black "Kokeza, Mirko"]
[Result "0-1"]
[WhiteElo "2336"]
[BlackElo "2253"]
[PlyCount "94"]
[EventDate "2015.11.10"]
[EventType "team"]
[EventRounds "9"]
[EventCountry "SRB"]
[WhiteTeam "Banovci Dunav"]
[BlackTeam "Hajduk 1973 Beska"]

1. e4 g6 2. d4 Bg7 3. Nc3 d6 4. Be3 a6 5. Qd2 b5 6. a4 b4 7. Nd1 Nf6 8. f3 a5
9. Ne2 h5 10. Nf4 Nbd7 11. Bc4 e5 12. Nd5 exd4 13. Bxd4 c6 14. Nf4 Bh6 15. O-O
Qc7 16. Be3 Ne5 17. Be2 Bg7 18. h4 O-O 19. Nf2 Rd8 20. Rad1 d5 21. exd5 Nxd5
22. Nxd5 Rxd5 23. Qc1 Be6 24. Ne4 Rad8 25. b3 Rxd1 26. Rxd1 Bd5 27. Bg5 Re8 28.
Qf4 f5 29. Nf2 Qa7 30. Kf1 Qc5 31. Qd2 Nf7 32. Bf4 Qe7 33. Nh3 Bc3 34. Qd3 Qxh4
35. Be3 Ne5 36. Bf2 Qxf2+ 37. Kxf2 Nxd3+ 38. Rxd3 Be5 39. Kf1 Bc7 40. Rd2 g5
41. Bc4 Bxc4+ 42. bxc4 g4 43. Nf2 Bg3 44. fxg4 fxg4 45. Rd3 h4 46. Rxg3 hxg3
47. Nxg4 Kf7 0-1